000 00297nam a22001217a 4500
008 160506b xxu||||| |||| 00| 0 eng d
020 _a9780781717878
020 _a0781717876
041 _aeng
080 _a61
245 _aKelleys textbook of internal medicine:
_cH.David Humes;
942 _2udc
_cBK
999 _c1845
_d1845